000 00561nam a2200193 4500
001 112906
003 ES-SlBCS
005 20210327224106.0
008 150316s1866 fr ||||| |||| 00| 0 fre d
040 _aES-SlBCS
_bspa
_erdc
100 1 _aGuizot, François
_934448
245 1 0 _aMéditations sur l'état actuel de la religion chrétienne
_cpar M. Guizot.
260 _aParis :
_bMichel Lévy frères
_c, 1866
300 _aXIV, 376 p. ;
_c23 cm.
561 _aP. Arintero
650 _aCristianismo
_91977
650 _aMeditaciones
_913531
942 _2lcc
_cBK
999 _c460618
_d460618